ბათუმის შოთა რუსთაველის სახელმწიფო უნივერსიტეტის ბიბლიოთეკა

Химия и технология основного органического и нефтехимического синтеза. (ბიბ.ჩანაწერი № 38222)

000 -LEADER
fixed length control field 00753nam a2200217Ia 4500
001 - CONTROL NUMBER
control field 4212
003 - CONTROL NUMBER IDENTIFIER
control field GE_BSU
008 - FIXED-LENGTH DATA ELEMENTS--GENERAL INFORMATION
fixed length control field 181216s||||||||xx |||||||||||||| ||und||
040 ## - CATALOGING SOURCE
Transcribing agency GE_BSU
080 ## - UNIVERSAL DECIMAL CLASSIFICATION NUMBER
Universal Decimal Classification number 661.7(075.8)
100 ## - MAIN ENTRY--PERSONAL NAME
Personal name Лебедев,Н.Н.
245 ## - TITLE STATEMENT
Title Химия и технология основного органического и нефтехимического синтеза.
245 ## - TITLE STATEMENT
Statement of responsibility, etc. Ред. Н.И.Уривалова.
250 ## - EDITION STATEMENT
Edition statement 3-е изд. перераб.
260 ## - PUBLICATION, DISTRIBUTION, ETC.
Place of publication, distribution, etc. М.
260 ## - PUBLICATION, DISTRIBUTION, ETC.
Name of publisher, distributor, etc. Химия.
260 ## - PUBLICATION, DISTRIBUTION, ETC.
Date of publication, distribution, etc. 1981.
300 ## - PHYSICAL DESCRIPTION
Extent 608 стр. 22 см.
653 ## - INDEX TERM--UNCONTROLLED
Uncontrolled term Химия и технология основного органического и нефтехимического синтеза.
942 ## - ADDED ENTRY ELEMENTS (KOHA)
Koha item type წიგნი
ეგზემპლარები
Withdrawn status Lost status Damaged status Not for loan Date acquired Barcode Date last seen Price effective from Koha item type Public note
        2018-12-17 9549 2018-12-17 2018-12-17 წიგნი საცავი
        2018-12-17 9550 2018-12-17 2018-12-17 წიგნი საცავი